|
|
|
|
| LEADER |
01786nam a2200421 i 4500 |
| 001 |
EBC4647943 |
| 003 |
MiAaPQ |
| 005 |
20200520144314.0 |
| 006 |
m o d | |
| 007 |
cr cnu|||||||| |
| 008 |
160826t20152015deu ob 001 0 eng d |
| 020 |
|
|
|z 9781622730186
|
| 020 |
|
|
|a 9781622731640
|q (electronic bk.)
|
| 035 |
|
|
|a (MiAaPQ)EBC4647943
|
| 035 |
|
|
|a (Au-PeEL)EBL4647943
|
| 035 |
|
|
|a (CaPaEBR)ebr11247975
|
| 035 |
|
|
|a (OCoLC)947859034
|
| 040 |
|
|
|a MiAaPQ
|b eng
|e rda
|e pn
|c MiAaPQ
|d MiAaPQ
|
| 043 |
|
|
|a n-us-tn
|
| 050 |
|
4 |
|a HC79.P6
|b .V377 2015
|
| 082 |
0 |
|
|a 339.46
|2 23
|
| 100 |
1 |
|
|a Vass Gal, Adam,
|e author.
|
| 245 |
1 |
0 |
|a Generational poverty :
|b an economic look at the culture of the poor /
|c Adam Vass Gal.
|
| 264 |
|
1 |
|a Wilmington, Delaware :
|b Vernon Press,
|c 2015.
|
| 264 |
|
4 |
|c 2015
|
| 300 |
|
|
|a 1 online resource (113 pages)
|
| 336 |
|
|
|a text
|2 rdacontent
|
| 337 |
|
|
|a computer
|2 rdamedia
|
| 338 |
|
|
|a online resource
|2 rdacarrier
|
| 504 |
|
|
|a Includes bibliographical references at the end of each chapters and index.
|
| 588 |
|
|
|a Description based on online resource; title from PDF title page (ebrary, viewed August 25, 2016).
|
| 590 |
|
|
|a Electronic reproduction. Ann Arbor, MI : ProQuest, 2016. Available via World Wide Web. Access may be limited to ProQuest affiliated libraries.
|
| 650 |
|
0 |
|a Poverty
|x Social aspects
|z Tennessee
|z Nashville.
|
| 650 |
|
0 |
|a Social mobility.
|
| 655 |
|
4 |
|a Electronic books.
|
| 776 |
0 |
8 |
|i Print version:
|a Vass Gal, Adam.
|t Generational poverty : an economic look at the culture of the poor.
|d Wilmington, Delaware : Vernon Press, c2015
|h approximately 113 pages
|z 9781622730186
|
| 797 |
2 |
|
|a ProQuest (Firm)
|
| 856 |
4 |
0 |
|u https://ebookcentral.proquest.com/lib/matrademy/detail.action?docID=4647943
|z Click to View
|